[Event "Gipuzkoako Banakako Txapelketa"]
[Site "Tolosa"]
[Date "2011.10.30"]
[Round "3.5"]
[White "Villena Garrido, Aitor"]
[Black "Fernandez Zubitur, Asier"]
[Result "1-0"]
[WhiteElo "1651"]
[BlackElo "1627"]
[PlyCount "77"]
[EventDate "2011.10.16"]
[EventType "swiss"]
[EventRounds "5"]
[EventCountry "ESP"]
[SourceTitle "EXT 2024"]
[Source "ChessBase"]
[SourceDate "2023.10.10"]
[SourceVersion "1"]
[SourceVersionDate "2023.10.10"]
[SourceQuality "1"]

1. e4 e5 2. Nf3 Nc6 3. Nc3 Nf6 4. Bc4 Bc5 5. d3 h6 6. 0-0 0-0 7. Qe2 d6 8. h3 Be6 9. Bxe6 fxe6 10. Bd2 a6 11. a3 Nd4 12. Nxd4 exd4 13. Nb1 e5 14. b4 Ba7 15. Bc1 d5 16. Nd2 c6 17. f3 Nh5 18. Qf2 Nf4 19. Nb3 Qg5 20. Bxf4 Qxf4 21. Rfe1 Rae8 22. Nc5 b6 23. Nxa6 c5 24. bxc5 bxc5 25. Nc7 c4 26. Nxe8 Rxe8 27. exd5 cxd3 28. cxd3 Rd8 29. Qe2 Rxd5 30. Qe4 Qf7 31. Rec1 Qe6 32. Rc2 Rc5 33. Qa8+ Kh7 34. Rac1 Rxc2 35. Rxc2 Qb3 36. Qe4+ Kg8 37. Rc8+ Kf7 38. Rc7+ Ke6 39. Rxa7 1-0

[Event "Gipuzkoako Banakako Txapelketa 3rd"]
[Site "Tolosa"]
[Date "2010.11.13"]
[Round "5.4"]
[White "Puerta Uranga, Inigo"]
[Black "Villena Garrido, Aitor"]
[Result "1/2-1/2"]
[WhiteElo "1532"]
[BlackElo "1674"]
[PlyCount "122"]
[EventDate "2010.10.16"]
[EventType "swiss"]
[EventRounds "5"]
[EventCountry "ESP"]
[SourceTitle "EXT 2024"]
[Source "ChessBase"]
[SourceDate "2023.10.10"]
[SourceVersion "1"]
[SourceVersionDate "2023.10.10"]
[SourceQuality "1"]

1. e4 d6 2. d4 Nf6 3. f3 g6 4. Be3 Bg7 5. Bc4 0-0 6. Ne2 b6 7. Nbc3 Bb7 8. Qd2 d5 9. exd5 Bxd5 10. Bxd5 Nxd5 11. Nxd5 Qxd5 12. Nf4 Qb5 13. 0-0-0 c5 14. Ne2 cxd4 15. Nxd4 Bxd4 16. Bxd4 Rd8 17. Qh6 f6 18. Rhe1 Nc6 19. g4 Qg5+ 20. Be3 Qxh6 21. Bxh6 g5 22. f4 Kf7 23. fxg5 Kg6 24. h4 Rd6 25. Rxd6 exd6 26. Re6 Kf7 27. Rxf6+ Ke7 28. Bg7 Rg8 29. Bh6 Ne5 30. Rf4 Ng6 31. Re4+ Kd7 32. h5 Ne5 33. Ra4 a5 34. a3 Nf3 35. Rf4 Nxg5 36. Bxg5 Rxg5 37. Rf7+ Kc6 38. Rxh7 Rxg4 39. Rh8 Kd7 40. h6 Rh4 41. h7 Ke7 42. c3 a4 43. Kc2 Kf7 44. b3 b5 45. Rb8 Rxh7 46. Rxb5 axb3+ 47. Kxb3 Ke6 48. a4 Ra7 49. c4 Kd7 50. Kb4 Kc7 51. c5 dxc5+ 52. Rxc5+ Kb7 53. Rb5+ Ka8 54. a5 Rb7 55. Rb6 Ka7 56. Kc5 Kb8 57. Kc6 Ka8 58. a6 Rxb6+ 59. Kxb6 Kb8 60. Ka5 Ka7 61. Kb5 Ka8 1/2-1/2

[Event "Gipuzkoako Banakako Txapelketa 3rd"]
[Site "Tolosa"]
[Date "2010.11.06"]
[Round "4.6"]
[White "Villena Garrido, Aitor"]
[Black "Arechaga Zubelzu, Mikel"]
[Result "1-0"]
[WhiteElo "1674"]
[BlackElo "1620"]
[PlyCount "111"]
[EventDate "2010.10.16"]
[EventType "swiss"]
[EventRounds "5"]
[EventCountry "ESP"]
[SourceTitle "EXT 2024"]
[Source "ChessBase"]
[SourceDate "2023.10.10"]
[SourceVersion "1"]
[SourceVersionDate "2023.10.10"]
[SourceQuality "1"]

1. e4 e5 2. Nf3 Nc6 3. Bc4 Bc5 4. d3 Nf6 5. Bg5 d6 6. h3 Be6 7. Bxe6 fxe6 8. Nc3 0-0 9. 0-0 d5 10. exd5 exd5 11. Re1 Re8 12. Bxf6 Qxf6 13. Nxd5 Qd8 14. c4 b5 15. b3 bxc4 16. bxc4 Rb8 17. Re2 Nd4 18. Nxd4 Bxd4 19. Rb1 c6 20. Nb4 Qf6 21. Nc2 Rxb1 22. Qxb1 Bb6 23. Qb3 Rb8 24. c5+ Qf7 25. Qxf7+ Kxf7 26. cxb6 Rxb6 27. Rxe5 Rb1+ 28. Kh2 Rb2 29. Rc5 Rxa2 30. Rxc6 a5 31. Kg3 a4 32. Kf3 g6 33. d4 Ke7 34. Ke2 Kd7 35. Rc3 Kd6 36. Kd1 Kd5 37. Nb4+ Kxd4 38. Nxa2 h6 39. Ra3 Ke5 40. Rxa4 Kf5 41. g4+ Kg5 42. Nc3 Kh4 43. Ra6 Kxh3 44. Rxg6 Kg2 45. Rxh6 Kxf2 46. Rh3 Kg2 47. Rd3 Kf2 48. Nd5 Kf1 49. Rd2 Kg1 50. Kc2 Kf1 51. Kd3 Ke1 52. Ra2 Kf1 53. Ke3 Kg1 54. Kf3 Kh1 55. Kg3 Kg1 56. Ra1# 1-0

[Event "Gipuzkoako Banakako Txapelketa 3rd"]
[Site "Tolosa"]
[Date "2010.10.23"]
[Round "2.1"]
[White "Villena Garrido, Aitor"]
[Black "Cotta Esnaola, Andoni"]
[Result "0-1"]
[WhiteElo "1674"]
[BlackElo "1817"]
[PlyCount "86"]
[EventDate "2010.10.16"]
[EventType "swiss"]
[EventRounds "5"]
[EventCountry "ESP"]
[SourceTitle "EXT 2024"]
[Source "ChessBase"]
[SourceDate "2023.10.10"]
[SourceVersion "1"]
[SourceVersionDate "2023.10.10"]
[SourceQuality "1"]

1. e4 c5 2. Nf3 d6 3. Nc3 Nf6 4. Bc4 e6 5. 0-0 Nbd7 6. d3 a6 7. Re1 b5 8. Bb3 Qc7 9. a3 Bb7 10. Bf4 Be7 11. Qd2 0-0 12. Ba2 Rfd8 13. b4 Rac8 14. Nd1 cxb4 15. axb4 Qxc2 16. Qxc2 Rxc2 17. Ne3 Rcc8 18. Rac1 Nh5 19. Ng4 Nxf4 20. Rcd1 h5 21. Ne3 Ne5 22. Nxe5 dxe5 23. Bb1 Bxb4 24. Rf1 Rc3 25. g3 Nxd3 26. Bxd3 Rdxd3 27. Rxd3 Rxd3 28. Nc2 Bc5 29. Rc1 Bb6 30. Re1 Rd2 31. Ne3 Bxe3 32. Rxe3 Rd1+ 33. Kg2 f5 34. f3 fxe4 35. fxe4 Rd2+ 36. Kf3 Rxh2 37. Rd3 h4 38. Rd8+ Kh7 39. Re8 hxg3 40. Kxg3 Rh6 41. Kf3 Rh3+ 42. Kg4 Re3 43. Rxe6 Bc8 0-1

[Event "Gipuzkoako Banakako Txapelketa"]
[Site "Billabonako"]
[Date "2009.11.28"]
[Round "7.3"]
[White "Villena Garrido, Aitor"]
[Black "Parron Luceno, David"]
[Result "0-1"]
[WhiteElo "1683"]
[BlackElo "1735"]
[PlyCount "82"]
[EventDate "2009.10.17"]
[EventType "swiss"]
[EventRounds "7"]
[EventCountry "ESP"]
[SourceTitle "EXT 2024"]
[Source "ChessBase"]
[SourceDate "2023.10.10"]
[SourceVersion "1"]
[SourceVersionDate "2023.10.10"]
[SourceQuality "1"]

1. e4 d6 2. Nf3 Bg4 3. Nc3 e6 4. g3 Nc6 5. Bg2 Nf6 6. d4 d5 7. exd5 Nxd5 8. Nxd5 Qxd5 9. Be3 Qa5+ 10. c3 Qb5 11. c4 Bb4+ 12. Nd2 Bxd2+ 13. Qxd2 Qf5 14. Bf4 Rd8 15. d5 e5 16. Qe3 0-0 17. dxc6 exf4 18. Qxf4 Rfe8+ 19. Kf1 Qxf4 20. gxf4 bxc6 21. Bxc6 Re6 22. Bd5 Rf6 23. Re1 Rxf4 24. Re4 Rxe4 25. Bxe4 Rd4 26. Bd5 Rd2 27. Kg2 Rxb2 28. a4 Kf8 29. Re1 Be2 30. c5 f5 31. Kg3 Rd2 32. Be6 g6 33. Kf4 Bg4 34. Rb1 Rxf2+ 35. Kg5 Kg7 36. Rb7 h6+ 37. Kh4 g5+ 38. Kg3 Rf3+ 39. Kg2 Kf6 40. Bd5 Rd3 41. Bg8 Bf3+ 0-1

[Event "Gipuzkoako Banakako Txapelketa"]
[Site "Billabonako"]
[Date "2009.11.21"]
[Round "6.1"]
[White "Villena Garrido, Aitor"]
[Black "Ubegun Lizaso, Joseba"]
[Result "0-1"]
[WhiteElo "1683"]
[BlackElo "1623"]
[PlyCount "87"]
[EventDate "2009.10.17"]
[EventType "swiss"]
[EventRounds "7"]
[EventCountry "ESP"]
[SourceTitle "EXT 2024"]
[Source "ChessBase"]
[SourceDate "2023.10.10"]
[SourceVersion "1"]
[SourceVersionDate "2023.10.10"]
[SourceQuality "1"]

1. e4 e6 2. d4 d5 3. Nc3 Nf6 4. Bg5 Be7 5. Bxf6 Bxf6 6. e5 Be7 7. Nf3 c5 8. dxc5 Bxc5 9. Bd3 Qb6 10. 0-0 Qxb2 11. Nb5 Na6 12. Nd6+ Bxd6 13. exd6 b6 14. Rb1 Qxa2 15. Bb5+ Bd7 16. Bxd7+ Kxd7 17. Ne5+ Ke8 18. d7+ Ke7 19. Ra1 Qb2 20. d8Q+ Rhxd8 21. Nc6+ Kd7 22. Nxd8 Nc5 23. Nxf7 Qf6 24. c4 Qxf7 25. cxd5 exd5 26. Qg4+ Ne6 27. Ra6 Qf4 28. Qxf4 Nxf4 29. Rfa1 Ne6 30. Rxa7+ Rxa7 31. Rxa7+ Kc6 32. Kf1 b5 33. Ra6+ Kd7 34. Ke2 Nc7 35. Rb6 Ne6 36. Rxb5 Nd4+ 37. Kd3 Nxb5 38. g4 Ke6 39. f4 g6 40. h4 Kf6 41. Ke3 h5 42. gxh5 gxh5 43. Kd3 Kf5 44. Ke3 0-1